000 00479ntaaa2200193 4500
003 01
005 20251027201438.0
008 0714s1973 ag 01
040 _aAR-BaBN
_bspa
_cAR-BaBN
_eaacr
_dRIC
082 _a226.1000 M36
100 _aMartin, James
_913054
245 _aThe reliability of the Gospels
250 _a1 ed.
260 _aLondon :
_bHodder and Stoughton,
_cc1959
300 _a119 p.
500 _aLos evangelios
650 _aEvangelios
_911989
942 _cBK
999 _c8970
_d8970